000 00312nam a2200157Ia 4500
100 _aTanner/ O.
650 _aGeneral
942 _cRB
654 _aStress
245 _aStress
260 _bTime-life international
_aSpain
_c1976
082 _a150
_bTim
300 _a176
546 _aENGLISH
999 _c26565
_d26565